[Event "CFriend AT-2003-0-00018 email"]
[Site "Chessfriend.com"]
[Date "2003.10.02"]
[Round "1"]
[White "Herbst, Bernd"]
[Black "Zatsepin, Nikolay"]
[Result "1-0"]
[WhiteElo "1800"]
[BlackElo "2100"]
[PlyCount "55"]
[EventDate "2003.??.??"]
[EventType "match (corr)"]
[EventRounds "2"]
[SourceTitle "Corr 2008"]
[Source "ChessBase"]
[SourceDate "2008.06.24"]
[SourceVersion "1"]
[SourceVersionDate "2008.06.24"]
[SourceQuality "1"]

1. f4 d6 2. Nf3 Nf6 3. Nc3 Nbd7 4. e4 e5 5. Bc4 Be7 6. Ng5 0-0 7. Bxf7+ Rxf7 8. Ne6 Qe8 9. Nxc7 Qd8 10. Nxa8 Nc5 11. 0-0 Bg4 12. Qe1 Qxa8 13. d3 Bd7 14. fxe5 dxe5 15. Nd5 Bd8 16. Qg3 Nxd5 17. Rxf7 Kxf7 18. exd5 Bf6 19. Bg5 Qb8 20. Rf1 Qd6 21. b4 Na6 22. d4 Qb6 23. Qxe5 Nxb4 24. c3 Nxa2 25. Bxf6 gxf6 26. d6 Qd8 27. Qh5+ Kg7 28. Re1 1-0

[Event "IECG RI.2003.0.00009 email"]
[Site "IECG email"]
[Date "2003.07.08"]
[Round "?"]
[White "Gonchigsuren, Bor"]
[Black "Zatsepin, Nikolay"]
[Result "1-0"]
[WhiteElo "1619"]
[BlackElo "1800"]
[PlyCount "37"]
[EventDate "2003.07.08"]
[EventType "tourn (corr)"]
[EventRounds "6"]
[SourceTitle "Corr 2008"]
[Source "ChessBase"]
[SourceDate "2008.06.24"]
[SourceVersion "1"]
[SourceVersionDate "2008.06.24"]
[SourceQuality "1"]

1. Nf3 Nf6 2. c4 g6 3. d4 Bg7 4. Nc3 d5 5. cxd5 Nxd5 6. e4 Nxc3 7. bxc3 0-0 8. Be2 c5 9. Rb1 cxd4 10. cxd4 Qc7 11. 0-0 Rd8 12. Be3 Bg4 13. Qa4 Bxf3 14. Bxf3 Nc6 15. d5 Ne5 16. Be2 b6 17. Rbc1 Qd6 18. f4 Nd7 19. e5 1-0

[Event "IECG RI.2003.0.00009 email"]
[Site "IECG email"]
[Date "2003.07.08"]
[Round "?"]
[White "Lehnert, Ronald"]
[Black "Zatsepin, Nikolay"]
[Result "1-0"]
[WhiteElo "1683"]
[BlackElo "1800"]
[PlyCount "47"]
[EventDate "2003.07.08"]
[EventType "tourn (corr)"]
[EventRounds "6"]
[SourceTitle "Corr 2008"]
[Source "ChessBase"]
[SourceDate "2008.06.24"]
[SourceVersion "1"]
[SourceVersionDate "2008.06.24"]
[SourceQuality "1"]

1. d4 Nf6 2. c4 e6 3. Nf3 b6 4. g3 Bb7 5. Bg2 Be7 6. 0-0 0-0 7. Nc3 Ne4 8. Qc2 Nxc3 9. Qxc3 Be4 10. Bf4 d6 11. Rfd1 Nd7 12. Qe3 f5 13. Ng5 Bxg5 14. Bxg5 Nf6 15. f3 Bb7 16. Qxe6+ Kh8 17. Qxf5 Qe8 18. Qd3 Ba6 19. e4 Nd7 20. b4 Qg6 21. Bf4 Nf6 22. a4 Nh5 23. Be3 d5 24. b5 1-0

[Event "IECG RI.2003.0.00009 email"]
[Site "IECG email"]
[Date "2003.07.08"]
[Round "?"]
[White "Zatsepin, Nikolay"]
[Black "Starace, Umberto"]
[Result "0-1"]
[WhiteElo "1800"]
[BlackElo "1818"]
[PlyCount "44"]
[EventDate "2003.07.08"]
[EventType "tourn (corr)"]
[EventRounds "6"]
[SourceTitle "Corr 2008"]
[Source "ChessBase"]
[SourceDate "2008.06.24"]
[SourceVersion "1"]
[SourceVersionDate "2008.06.24"]
[SourceQuality "1"]

1. d4 Nf6 2. c4 e6 3. g3 d5 4. Bg2 c5 5. cxd5 Nxd5 6. Nf3 Nc6 7. 0-0 Be7 8. dxc5 Bxc5 9. e4 Nf6 10. Qxd8+ Nxd8 11. Ne5 Bd4 12. Nc4 0-0 13. Nbd2 Nc6 14. Nb3 Rd8 15. Bg5 e5 16. Nxd4 Rxd4 17. Bxf6 Rxc4 18. Bg5 Rc2 19. Rab1 Nd4 20. h3 Bxh3 21. Bxh3 Nf3+ 22. Kg2 Nxg5 0-1